| 000 | 03260nam a22003857a 4500 | ||
|---|---|---|---|
| 005 | 20210325173859.0 | ||
| 008 | s2533 th tha d | ||
| 041 | _atha | ||
| 050 | _aJQ1745.A1 ก498 | ||
| 245 | 1 | 0 | _aการเมือง - เพื่อนสนิท : เปิดปูมตำนานการเมืองไทย พ.ศ.2489 - ปัจจุบัน |
| 260 | 3 |
_aกรุงเทพฯ : _bสยามรัฐ, _c2533 |
|
| 300 |
_a132 หน้า : _b ภาพประกอบ |
||
| 610 | _aกระทรวงทรัพยากรธรรมชาติและสิ่งแวดล้อม. กรมอุทยานแห่งชาติ สัตว์ป่า และพันธุ์พืช | ||
| 610 | _aสำนักงานผู้ตรวจการแผ่นดิน | ||
| 610 | _aสำนักงานมาตรฐานผลิตภัณฑ์อุตสาหกรรม | ||
| 610 | _aสำนักงานเลขาธิการวุฒิสภา ปฏิบัติหน้าที่สำนักงานเลขาธิการสภานิติบัญญัติแห่งชาติ | ||
| 610 | _aกระทรวงแรงงาน. กรมการจัดหางาน | ||
| 610 | _aการประปาส่วนภูมิภาค | ||
| 610 | _aกระทรวงการคลัง. โรงงานยาสูบ | ||
| 610 | _aการนิคมอุตสาหกรรมแห่งประเทศไทย | ||
| 610 | _aกระทรวงการคลัง. กรมบัญชีกลาง. กองบัญชีภาครัฐ | ||
| 610 | _aบริษัท ศูนย์วิจัยกสิกรไทย จำกัด | ||
| 610 | _aกระทรวงวิทยาศาสตร์และเทคโนโลยี. สำนักงานพัฒนาวิทยาศาสตร์และเทคโนโลยีแห่งชาติ | ||
| 610 | _aกระทรวงวิทยาศาสตร์และเทคโนโลยี. สำนักงานพัฒนาวิทยาศาสตร์และเทคโนโลยีแห่งชาติ | ||
| 610 | _aกระทรวงแรงงาน. กรมการจัดหางาน | ||
| 610 | _aสำนักงานกองทุนสนับสนุนการสร้างเสริมสุขภาพ (สสส.) | ||
| 610 | _aกระทรวงพาณิชย์. สำนักงานปลัดกระทรวงพาณิชย์ | ||
| 650 | 0 | 4 | _aสมาชิกสภาผู้แทนราษฎร -- สัมภาษณ์ |
| 650 | 0 | 4 | _aไทย -- การเมืองและการปกครอง -- รวมเรื่อง |
| 650 | 0 | 4 | _aไทย -- การเมืองและการปกครอง -- รวมเรื่องสมาชิกสภาผู้แทนราษฎร -- สัมภาษณ์ |
| 850 | _aNALT | ||
| 942 | _cGB | ||
| 997 | _c000000000002560 | ||
| 998 | _aSOPAPORN | ||
| 999 |
_c2560 _d2560 |
||